Los Angeles Picture Quiz - Statistics

General Stats
  • This quiz has been taken 86 times
  • The average score is 9 of 16
Answer Stats
Picture Hint Answer % Correct
The Happiest Place on Earth Disneyland
96%
Do you really need a hint? Hollywood Sign
84%
You can see all the stars as you walk down Hollywood Boulevard Hollywood Walk of Fame
75%
Home of the Lakers and Kings Staples Center
73%
Luxury shooping area Rodeo Drive
70%
Home of the Bruins UCLA
68%
Amusement pier seen in movies and TV Santa Monica Pier
62%
Government City Hall
57%
Live music venue Hollywood Bowl
57%
MLB ballpark Dodger Stadium
55%
Mammoths and Saber-toothed cats found here La Brea Tar Pits
55%
Docked at Long Beach Queen Mary
49%
Signature location of 1955s Rebel Without a Cause Griffith Park Observatory
40%
Home of the Rams and USC Trojans Los Angeles Coliseum
35%
Song by Richard Harris and Donna Summer MacArthur Park
27%
Work of artist Simon Rodia Watts Towers
26%
No matching quizzes found
Score Distribution
Percent of People with Each Score
Percentile by Number Answered
Your Score History
You have not taken this quiz